Психология и алхимия (Запис номер 36906)
[ съкратено ]
| 000 -Лидер | |
|---|---|
| Контролно поле с фиксирана дължина | 01741nam a2200457 c 4500 |
| 003 - Код на организацията, давaща контролен номер | |
| Контролно поле | BLK |
| 005 - Дата и час на последна редакция | |
| Контролно поле | 20231212123530.0 |
| 008 - Елементи от данни с фиксирана дължина | |
| fixed length control field | 180408b bul|||||r ||||||| ||bul|| |
| 010 ## - Наследен системен номер | |
| LC control number | KNG00040026000 |
| 020 ## - Международен стандартен номер на книга ISBN | |
| Международен стандартен номер на книга ISBN | 954-450-123-1 |
| -- | издат.: ЕА |
| 040 ## - Източник на каталожния запис | |
| Идентификатор на билиотеката - собственик на записа | BLK |
| 041 ## - Код за език | |
| Код за езика на текст/звукозапис или на отделно заглавие | Български |
| Код за езика КДБФ | Български |
| 080 ## - УДК | |
| Текстов определител УДК | |
| УДК код - определител по УДК | 159.963/.964 |
| УДК определител | |
| УДК - код + определител | 159.963/.964 |
| 080 ## - УДК | |
| Текстов определител УДК | Алхимия |
| УДК код - определител по УДК | 133.5:54 |
| УДК определител | |
| УДК - код + определител | 133.5:54 |
| 080 ## - УДК | |
| Текстов определител УДК | Писменост. Системи на писмо. Знаци и символи. Кодове. Графическо представяне на мисълта. Вж и 744. 9; 801. Семиотика(общи въпр. ) |
| УДК код - определител по УДК | 003 |
| УДК определител | |
| УДК - код + определител | 003 |
| 100 1# - Редна дума - Автор | |
| Автор | Юнг, Карл Густав |
| Авторска отговорност | първи автор |
| R(LIN) | 364054 |
| 139 ## - Редно поле | |
| Редна дума | Юнг, Карл Густав |
| Авторски знак | Юнг - Ю 24 |
| 245 10 - Сведения за заглавието | |
| Заглавие | Психология и алхимия |
| Редно поле (дума) | Карл Густав Юнг; прев. Стефан Шаранков. |
| 257 ## - Страна на издаване | |
| Страна на създаване/издаване | Швейцария |
| 260 ## - Област на издателските данни | |
| -- | Плевен |
| Име на издателя, разпространителя и проч. | ЕА |
| Година на издаване | 2001 |
| 300 ## - Физическа характеристика | |
| Страници | 567 с. |
| Илюстрации и др. | с ил., факс. |
| Размери/Мащаб | 20 см |
| 380 ## - Жанр | |
| Жанр | Философия |
| 490 1# - СЕРИИ (Колекции) | |
| Име на серия | За човека |
| 500 ## - Общи забележки | |
| Забележка | Ориг. загл. Psychologie und Alchemie / C. G. Jung. - Офс. изд. |
| 650 #4 - Допълнително описание по предмет – тема | |
| Основно описание – тема или топоним | Психология |
| 9 (RLIN) | 168332 |
| 650 #4 - Допълнително описание по предмет – тема | |
| Основно описание – тема или топоним | Сънища |
| 9 (RLIN) | 172981 |
| 650 #4 - Допълнително описание по предмет – тема | |
| Основно описание – тема или топоним | Алхимия |
| 9 (RLIN) | 146813 |
| 650 #4 - Допълнително описание по предмет – тема | |
| Основно описание – тема или топоним | Символи и знаци |
| 9 (RLIN) | 247835 |
| 653 ## - Ключова дума – ненормативна | |
| Ключова дума | психология |
| 653 ## - Ключова дума – ненормативна | |
| Ключова дума | сънища |
| 653 ## - Ключова дума – ненормативна | |
| Ключова дума | алхимия |
| 653 ## - Ключова дума – ненормативна | |
| Ключова дума | символи |
| 653 ## - Ключова дума – ненормативна | |
| Ключова дума | знаци |
| 700 1# - Други автори (авторска отговорност) | |
| Лично име | Шаранков, Стефан |
| Автороска отговорност (Описва отношението между автора и произведението) | прев. |
| 9 (RLIN) | 275208 |
| 852 ## - Местоположение | |
| Форматна сигнатура | Цб 209804 |
| 856 4# - Електронен адрес и достъп | |
| Електронен формат | pdf - файл |
| Път до файла /url/ | |
| 856 4# - Електронен адрес и достъп | |
| Електронен формат | pdf - файл |
| Път до файла /url/ | |
| 942 ## - АРТИКУЛИ | |
| Вид на библиотечния материал | Книги |
| Скрит в OPAC | Не |
| Koha issues (borrowed), all copies | 6 |
| 944 ## - СЪЗДАВАНЕ И РЕДАКЦИЯ на ЗАПИСА | |
| Създаване/Редакция | Създаване |
| Дата на регистрацията/редакция | 15.01.2003 |
| Служител, извършил регистрацията/редакцията | 30531 |
| Статус, дата на статуса | Цветелина Шанова |
| 944 ## - СЪЗДАВАНЕ И РЕДАКЦИЯ на ЗАПИСА | |
| Създаване/Редакция | Редакция |
| Дата на регистрацията/редакция | 05.01.2007 |
| Служител, извършил регистрацията/редакцията | |
| 999 ## - СИСТЕМНИ КОНТРОЛНИ НОМЕРА | |
| Koha biblionumber | 36906 |
| Koha biblioitemnumber | 36906 |
| Код за отписване | Код за изгубен артикул | Източник на класификационната схема | Код за повреда | Коз за рестрикции | Код за отдаване | Артикулен № | Име на библиотеката - собственик | Име на библиотеката, в която се намира в момента | Статус (Текущо местоположение) | Дата на вписване в системата | Местоположение - отдел | Цена в лева | Инвентарен номер | Систематично азбучна сигнатура | Баркод | Номер на екземпляра | Цена в евро | Служебна бележка | Служебен тип на артикула |
|---|---|---|---|---|---|---|---|---|---|---|---|---|---|---|---|---|---|---|---|
| Не е изгубен | Universal Decimal Classification | Не е повреден | без рестрикции | ползва се в читалня | 58000 | Регионална библиотека "Любен Каравелов" Русе | Регионална библиотека "Любен Каравелов" Русе | Хранилище | 2001-01-01 | Хранилище | 0.00 | 667305 | Цб 209804 | 120000667305 | 1 | 0.00 | Дост: Dp Вид: Д N: 33 Дата: 01.01.2001 | Книги | |
| Изтеглен | Не е изгубен | Universal Decimal Classification | Не е повреден | без рестрикции | заемане за дома | 58001 | Регионална библиотека "Любен Каравелов" Русе | Регионална библиотека "Любен Каравелов" Русе | Заемна - подръчен фонд | 2004-09-13 | Заемна - подръчен фонд | 13.70 | 120000688148 | П 159.96/Ю 24 | 120000688148 | 2 | 7.00 | Дост: Pk Вид: Ф N: 23769 Дата: 03.09.2004 Дата инв: 19.11.2014 Бележки инв: П2014 | Книги |
| Не е изгубен | Universal Decimal Classification | Не е повреден | без рестрикции | заемане за дома | 58002 | Регионална библиотека "Любен Каравелов" Русе | Регионална библиотека "Любен Каравелов" Русе | Заемна - подръчен фонд | 2006-12-28 | Заемна - подръчен фонд | 13.70 | 120000707924 | П 159.963/Ю 24 К | 120000707924 | 3 | 7.00 | Дост: Pk Вид: Ф N: 47857 Дата: 21.12.2006 Дата инв: 02.02.2018 Бележки инв: П2018 | Книги |